Precautionary measures on GM trials (Record no. 73117)
[ view plain ]
| 000 -LEADER | |
|---|---|
| fixed length control field | 01032cam a2200217 4500 |
| 001 - CONTROL NUMBER | |
| control field | WB3929-16 |
| 008 - FIXED-LENGTH DATA ELEMENTS--GENERAL INFORMATION | |
| fixed length control field | 030729n2003 000 0 eng u |
| 035 ## - SYSTEM CONTROL NUMBER | |
| System control number | (Sirsi) u123132 |
| 245 ## - TITLE STATEMENT | |
| Title | Precautionary measures on GM trials |
| 260 ## - PUBLICATION, DISTRIBUTION, ETC. | |
| Date of publication, distribution, etc. | 2003 |
| 490 ## - SERIES STATEMENT | |
| Series statement | Scottish Executive News Release |
| Volume/sequential designation | 25 July 2003, (3) |
| 520 ## - SUMMARY, ETC. | |
| Summary, etc. | Scottish Executive has advised farmers who have planted oil seed rape as part of the GM Farm Scale Trials not to plant conventional oil seed rape this year. This follows findings that show that oil seed rape persists in the soil for longer than orginally thought. This measure has been agreed with the executive, DEFRA and the Advisory Committee on Releases to the Environment. For the Scottish Executive News Release: http://www.scotland.gov.uk/pages/news/2003/07/SEen568.aspx |
| 590 ## - LOCAL NOTE (RLIN) | |
| Local note | WB |
| 650 ## - SUBJECT ADDED ENTRY--TOPICAL TERM | |
| Topical term or geographic name entry element | GM TRIALS |
| 650 ## - SUBJECT ADDED ENTRY--TOPICAL TERM | |
| Topical term or geographic name entry element | SCOTTISH EXECUTIVE |
| 650 ## - SUBJECT ADDED ENTRY--TOPICAL TERM | |
| Topical term or geographic name entry element | DEFRA |
| 650 ## - SUBJECT ADDED ENTRY--TOPICAL TERM | |
| Topical term or geographic name entry element | OIL SEED RAPE |
| 650 ## - SUBJECT ADDED ENTRY--TOPICAL TERM | |
| Topical term or geographic name entry element | ENVIRONMENTAL DAMAGES |
| 690 ## - LOCAL SUBJECT ADDED ENTRY--TOPICAL TERM (OCLC, RLIN) | |
| Topical term or geographic name as entry element | RURAL-AGRICULTURE AND FORESTRY |
| 942 ## - ADDED ENTRY ELEMENTS (KOHA) | |
| Suppress in OPAC | 0 |
| Withdrawn status | Lost status | Source of classification or shelving scheme | Damaged status | Not for loan | Home library | Current library | Shelving location | Date acquired | Total Checkouts | Full call number | Barcode | Date last seen | Copy number | Price effective from | Koha item type |
|---|---|---|---|---|---|---|---|---|---|---|---|---|---|---|---|
| Dewey Decimal Classification | London | London | News article | 29/07/2003 | WB3929-16 | 123132-1001 | 06/08/2019 | 1 | 06/08/2019 | News article |